Finanční politika v roce 1990 a v roce 1991.
Východiská štruktúrneho zamerania čs. finančnej a menovej politiky v roku 1990. Faktory ovplyvňujúce vývoj ekonomiky ČSFR v roku 1990. Predbežná bilancia plnenia daných cieľov finančnej politiky. Hlavné opatrenia hospodárskej politiky realizované v roku 1990. Základné obrysy finančnej politiky pre r...
Saved in:
| Main Author: | |
|---|---|
| Format: | Book Chapter |
| Language: | Czech |
| Subjects: | |
| Tags: |
No Tags, Be the first to tag this record!
|
MARC
| LEADER | 00000naa a2200000 4500 | ||
|---|---|---|---|
| 001 | r002841 | ||
| 005 | 20220819175124.3 | ||
| 041 | 0 | |a cze | |
| 044 | |a [CS] | ||
| 245 | 1 | 0 | |a Finanční politika v roce 1990 a v roce 1991. |c I. Kočárník |
| 520 | |a Východiská štruktúrneho zamerania čs. finančnej a menovej politiky v roku 1990. Faktory ovplyvňujúce vývoj ekonomiky ČSFR v roku 1990. Predbežná bilancia plnenia daných cieľov finančnej politiky. Hlavné opatrenia hospodárskej politiky realizované v roku 1990. Základné obrysy finančnej politiky pre rok 1991 (pod vplyvom vonkajších faktorov a zámerov ekonomickej reformy a úloh menovej a finančnej politiky). | ||
| 610 | 2 | 0 | |a politika finančná |
| 610 | 2 | 0 | |a ČSFR |
| 610 | 2 | 0 | |a 1990-1991 |
| 610 | 2 | 0 | |a vývoj hospodársky |
| 610 | 2 | 0 | |a bilancia finančná |
| 610 | 2 | 0 | |a politika hospodárska |
| 610 | 2 | 0 | |a politika menová |
| 100 | 1 | |a Kočárník, I. | |